00786nam a22002057a 450000500170000001000150001702000270003203500140005903700090007308200150008210000240009724500980012125000060021926000430022527000760026830000330034494200260037799900190040395201580042220250821124506.0 aENG-144163 c1280.00a9788198403704 aEN-127695 bDBAD a341.24721 aMehta, Simi 984197 aBBIN—A Post-SAARC Phenomenon: bUnlocking the Potential for Energy Cooperation/cSimi Mehta a1 aNew DelhibKW Publishers Pvt Ltdc2025 bNew DelhiaKW Publishers Pvt Ltd;e110002k91 1143528107k91 1143528107 axiii, 168p.c24cm(hb)bIndex 2ddccENh341.247mMEH c213080d213080 001040718NFICaAVbAVd2025-08-21eDelivery of Books Act Divisiong1280.00l0o341.247 MEHpEN-127695r2025-08-21 00:00:00t1v1280.00w2025-08-21yEN